[Event "Hong Kong Jolimark op"]
[Site "Hong Kong"]
[Date "2017.12.24"]
[Round "3"]
[White "Ho, Ruben"]
[Black "Ho, Lachlan"]
[Result "0-1"]
[WhiteElo "1262"]
[BlackElo "1593"]
[PlyCount "106"]
[EventDate "2017.12.23"]
[EventType "swiss"]
[EventRounds "9"]
[EventCountry "HKG"]
[SourceTitle "CBM 182 Extra"]
[Source "ChessBase"]
[SourceDate "2018.02.23"]
[SourceVersion "1"]
[SourceVersionDate "2018.02.23"]
[SourceQuality "1"]

1. e4 e5 2. Nf3 Nf6 3. Bc4 Nc6 4. Ng5 d5 5. exd5 Na5 6. Bb5+ Bd7 7. Qe2 c6 8. dxc6 Nxc6 9. Bc4 Be6 10. Bxe6 fxe6 11. Nxe6 Qd7 12. Nxf8 Rxf8 13. d3 Nd4 14. Qd1 Rc8 15. Nc3 Ng4 16. f3 Nf6 17. 0-0 Kf7 18. Be3 Nf5 19. Bxa7 Kg8 20. Ne4 Nd5 21. Qe2 b6 22. c4 Nf4 23. Qd2 Qxa7 24. Kh1 Rcd8 25. Ng5 Rxd3 26. Qf2 Qe7 27. Ne4 Ne3 28. Rg1 Nxc4 29. Qc2 Ne3 30. Qb1 Rfd8 31. a3 Nexg2 32. Qa2+ Qf7 33. Rxg2 Nxg2 34. Kxg2 R8d5 35. Rf1 Rd2+ 36. Kh1 R2d3 37. Ng5 Qd7 38. Rg1 h6 39. Ne4 Qf7 40. Rg3 Rd1+ 41. Kg2 R5d2+ 42. Kh3 Qxa2 43. Nf6+ Kf7 44. Nh5 Qe6+ 45. Rg4 Qxg4+ 46. Kxg4 Rxh2 47. b4 Rd4+ 48. Nf4 Rxf4+ 49. Kg3 Ra2 50. Kh3 Rxa3 51. b5 Raxf3+ 52. Kg2 Ra3 53. Kh2 Rb4 0-1